00549nam a2200169Ia 4500020001800000082001700018100001800035245009000053260003600143300001000179504001900189650003400208650004200242650003800284650002600322650003100348 a0-7619-5273-X a300.72 TAC-; aTacq, Jacques 0aMultivariate analysis techniques in Social science research: from problem to analysis aLondonbSage Publicationsc1997 a411p. aIncludes index aSocial sciences - Methodology aSocial sciences - Statistical methods aSocial sciences - Data processing aMultivariate analysis aSocial sciences - Research